State nicknames/superlatives - Statistics

General Stats
  • This quiz has been taken 21 times
  • The average score is 46 of 50
Answer Stats
Nickname State % Correct
4) The Golden State, land of Redwoods California
100%
1) Sunshine State, oranges Florida
100%
3) Land of Lincoln, Prairie state Illinois
100%
2) Treasure State, Big Sky country Montana
100%
25) Heart of Dixie, Yellowhammer state Alabama
94%
24) Last Frontier, Sewards Folly Alaska
94%
23) Grand Canyon state, Valentine state Arizona
94%
22) Natural state, Razorbacks Arkansas
94%
7) Centennial state, Ski country USA Colorado
94%
21) First state, Blue Hen state Delaware
94%
20) Peach state, State of Adventure Georgia
94%
19) Aloha state, Paradise of the Pacific Hawaii
94%
18) Gem state, spud state Idaho
94%
17) Hoosier state, Crossroads of America Indiana
94%
26) Hawkeye state, land of corn Iowa
94%
27) Bluegrass state, Dark and Bloody ground Kentucky
94%
14) Pelican state, Sportsman's paradise Louisiana
94%
15) Pine Tree state, Vacationland Maine
94%
28) Old Line state, Terrapins Maryland
94%
13) Great Lakes state, Wolverines Michigan
94%
11) Land of 10,000 Lakes Minnesota
94%
29) Magnolia state, Hospitality state Mississippi
94%
10) Show-Me state, Gateway to the West Missouri
94%
9) Granite state, Live Free or Die New Hampshire
94%
32) Empire state, Excelsior New York
94%
8) Lone Star state Texas
94%
6) Constitution state, Nutmegs Connecticut
88%
16) Sunflower state, Americas Heartland Kansas
88%
30) Cornhusker state, Tree Planters Nebraska
88%
5) Silver state, Sagebrush state Nevada
88%
31) Land of Enchantment New Mexico
88%
33) First in Flight, Tar Heels North Carolina
88%
34) Peace Garden state, Heaven on Earth North Dakota
88%
35) Buckeye state, Birthplace of Aviation Ohio
88%
36) Sooner state, Native America Oklahoma
88%
37) Beaver state, Pacific Wonderland Oregon
88%
38) Keystone state, Quaker state Pennsylvania
88%
39) Ocean state, Little Rhodes Rhode Island
88%
41) Mt Rushmore state, Land of Infinite Variety South Dakota
88%
42) Volunteer state, Hog and Hominy Tennessee
88%
43) Beehive state, Crossroads of the West Utah
88%
44) Green Mountain state, Maple state Vermont
88%
45) Old Dominion, Sic Semper Tyrannis Virginia
88%
46) Evergreen state Washington
88%
48) Badger state, Americas Dairyland Wisconsin
88%
12) Bay state, Spirit of America Massachusetts
82%
50) Garden state, Crossroads of the Revolution New Jersey
82%
40) Palmetto state South Carolina
82%
47) Mountain state, Almost Heaven West Virginia
82%
49) Cowboy state, Forever West Wyoming
82%
No matching quizzes found
Score Distribution
Percent of People with Each Score
Percentile by Number Answered
Your Score History
You have not taken this quiz